[Event "It (open)"]
[Site "Banyoles (Spain)"]
[Date "2004.08.21"]
[Round "6"]
[White "Hoensch Matthias (GER)"]
[Black "Moles Fuentes Jesus (ESP)"]
[Result "1-0"]
[WhiteElo "2326"]
[BlackElo "2120"]

1.Nf3 c5 2.c4 Nf6 3.Nc3 g6 4.g3 Bg7 5.Bg2 O-O 6.O-O Nc6 7.d4 cxd4 8.Nxd4 a6
9.Nc2 d6 10.Rb1 Be6 11.b3 d5 12.cxd5 {#r} 1-0

[Event "It (open)"]
[Site "Padrun (Spain)"]
[Date "2004.08.28"]
[Round "9"]
[White "Dimitrov Vladimir (BUL)"]
[Black "Nanu Ciprian-Costica (ROM)"]
[Result "1/2-1/2"]
[WhiteElo "2434"]
[BlackElo "2459"]

1.Nf3 Nf6 2.c4 c5 3.g3 Nc6 4.Bg2 g6 5.O-O Bg7 6.Nc3 O-O 7.d4 cxd4 8.Nxd4 Nxd4
9.Qxd4 d6 10.Qd3 Be6 11.Bd2 Nd7 12.b3 Rb8 13.Rac1 a6 14.a4 Qb6 15.Qb1 Rfc8
16.Be3 Qd8 17.Ba7 Ra8 18.Be3 Rab8 19.Ba7 {#d} 1/2-1/2

[Event "It (cat.2)"]
[Site "Kostrena (Croatia)"]
[Round "6"]
[White "Doric Nenad (CRO)"]
[Black "Vucic Mladen (USA)"]
[Result "1/2-1/2"]
[WhiteElo "2369"]
[BlackElo "2377"]

1.Nf3 Nf6 2.g3 g6 3.Bg2 Bg7 4.O-O O-O 5.c4 c5 6.Nc3 Nc6 7.d4 cxd4 8.Nxd4 Nxd4
9.Qxd4 d6 10.Qd3 a6 11.Bg5 h6 12.Bd2 Qc7 13.Rac1 Be6 14.Nd5 Bxd5 15.cxd5 Qd7
{#d} 1/2-1/2

[Event "Ch Russia (for the Deaf)"]
[Site "Kazan (Russia)"]
[Date "2004.10.11"]
[Round "4"]
[White "Malyuga Valentin (RUS)"]
[Black "Ershov Mikhail (RUS)"]
[Result "1/2-1/2"]
[WhiteElo "2225"]
[BlackElo "2071"]

1.c4 c5 2.Nc3 Nc6 3.g3 g6 4.Bg2 Bg7 5.Nf3 Nf6 6.O-O O-O 7.d4 cxd4 8.Nxd4 Nxd4
9.Qxd4 d6 10.Qh4 Qa5 11.Nd5 Nxd5 12.cxd5 Re8 {#d} 1/2-1/2

[Event "Tournament (Elo) (b)"]
[Site "Budapest (Hungary)"]
[Date "2004.11.14"]
[Round "9"]
[White "Epiney Frederic (SUI)"]
[Black "Glatzel Hans-Joachim (GER)"]
[Result "1/2-1/2"]
[WhiteElo "2061"]
[BlackElo "1973"]

1.c4 c5 2.g3 Nc6 3.Bg2 Nf6 4.Nf3 g6 5.O-O Bg7 6.Nc3 O-O 7.d4 cxd4 8.Nxd4 Nxd4
9.Qxd4 d6 10.Qd3 a6 11.Bd2 Nd7 12.b3 Nc5 13.Qc2 Rb8 14.Rac1 b6 {#d} 1/2-1/2

[Event "Extraliga 2004/05"]
[Site "Slovakia"]
[Date "2004.11.14"]
[Round "2"]
[White "Peredy Ferenc (HUN)"]
[Black "Csonka Attila (HUN)"]
[Result "1/2-1/2"]
[WhiteElo "2296"]
[BlackElo "2362"]

1.Nf3 Nf6 2.c4 c5 3.Nc3 g6 4.g3 Bg7 5.Bg2 Nc6 6.O-O O-O 7.d4 cxd4 8.Nxd4 Nxd4
9.Qxd4 d6 10.Rd1 a6 11.Qh4 Qc7 12.Bg5 Be6 13.b3 Rab8 14.Rac1 Qa5 15.Rc2 Rfc8
{#d} 1/2-1/2

[Event "Ch Malaga"]
[Site "Malaga (Spain)"]
[Date "2005.02.06"]
[Round "6"]
[White "Lopez Gonzalez Daniel (ESP)"]
[Black "Gutierrez Lopez Carlos (ESP)"]
[Result "1/2-1/2"]
[WhiteElo "2245"]
[BlackElo "2152"]

1.Nf3 c5 2.c4 g6 3.g3 Bg7 4.Bg2 Nc6 5.O-O Nf6 6.Nc3 O-O 7.d4 cxd4 8.Nxd4 Nxd4
9.Qxd4 d6 10.Qd3 a6 11.b3 Bf5 12.Qd2 Ne4 13.Bxe4 Bxe4 14.Bb2 Bc6 15.Rfd1 b5
16.cxb5 axb5 17.Nd5 Bxb2 18.Qxb2 Bxd5 19.Rxd5 {#d} 1/2-1/2

[Event "Bundesliga 2004/05"]
[Site "Austria"]
[Date "2005.03.20"]
[Round "11"]
[White "Moser Guenter (AUT)"]
[Black "Kilgus Georg (AUT)"]
[Result "1/2-1/2"]
[WhiteElo "2359"]
[BlackElo "2339"]

1.c4 Nf6 2.Nc3 c5 3.Nf3 Nc6 4.g3 g6 5.Bg2 Bg7 6.O-O O-O 7.d4 cxd4 8.Nxd4 Nxd4
9.Qxd4 d6 10.Qd2 a6 11.b3 Rb8 12.Bb2 Be6 13.Nd5 Bxd5 14.cxd5 Nd7 {#d} 1/2-1/2

[Event "It (open)"]
[Site "Pic d'Anie (France)"]
[Date "2005.08.10"]
[Round "3"]
[White "Humeau Cyril (FRA)"]
[Black "Planell Eric (FRA)"]
[Result "1/2-1/2"]
[WhiteElo "2100"]
[BlackElo "2188"]

1.c4 Nf6 2.Nf3 g6 3.g3 Bg7 4.Bg2 O-O 5.O-O c5 6.Nc3 Nc6 7.d4 cxd4 8.Nxd4 Qb6
9.Nc2 d6 10.b3 Qa5 11.Bb2 Be6 12.Nd5 Bxd5 13.cxd5 Ne5 14.Ne3 Nfd7 15.Qe1 Qa6
16.Qd2 f5 17.f4 {#d} 1/2-1/2

[Event "It (2)"]
[Site "Kecskemet (Hungary)"]
[Date "2005.08.22"]
[Round "3"]
[White "Erdelyi Tamas (HUN)"]
[Black "Bjerring Kai (DEN)"]
[Result "1/2-1/2"]
[WhiteElo "2268"]
[BlackElo "2298"]

1.c4 c5 2.Nc3 Nc6 3.g3 g6 4.Bg2 Bg7 5.Nf3 Nf6 6.O-O O-O 7.d4 cxd4 8.Nxd4 Nxd4
9.Qxd4 d6 10.Qd3 a6 11.Be3 Ng4 {#d} 1/2-1/2

[Event "Ch Russia (for the Deaf)"]
[Site "Dmitrov (Russia)"]
[Date "2005.09.11"]
[Round "7"]
[White "Rogov Nikolay (RUS)"]
[Black "Chesnokov Veniamin (RUS)"]
[Result "1/2-1/2"]
[WhiteElo "1898"]
[BlackElo "2015"]

1.c4 c5 2.Nc3 Nc6 3.Nf3 Nf6 4.g3 g6 5.Bg2 Bg7 6.O-O O-O 7.d4 cxd4 8.Nxd4 Nxd4
9.Qxd4 d6 10.Qd3 Rb8 11.Rd1 Be6 12.Be3 {#d} 1/2-1/2

[Event "Ch Croatia (team) (3rd league)"]
[Site "Croatia"]
[Date "2005.10.09"]
[Round "7"]
[White "Sentic Pero (CRO)"]
[Black "Sipic Hrvoje (CRO)"]
[Result "1/2-1/2"]
[WhiteElo "2209"]
[BlackElo "2213"]

1.Nf3 Nf6 2.g3 g6 3.Bg2 Bg7 4.O-O O-O 5.c4 c5 6.Nc3 Nc6 7.d4 cxd4 8.Nxd4 Nxd4
9.Qxd4 d6 10.Qd3 Nd7 11.b3 Nc5 12.Qd2 Bg4 13.Bb2 Rc8 14.Nd5 Bxb2 15.Qxb2 Be6
16.Rfd1 Bxd5 17.Bxd5 Qb6 {#d} 1/2-1/2

[Event "Ch Slovakia (team) 2005/06"]
[Site "Slovakia"]
[Date "2006.01.08"]
[Round "7"]
[White "Stohl Igor (SVK)"]
[Black "Czebe Attila (HUN)"]
[Result "1/2-1/2"]
[WhiteElo "2551"]
[BlackElo "2497"]

1.Nf3 Nf6 2.c4 c5 3.Nc3 Nc6 4.g3 g6 5.Bg2 Bg7 6.O-O O-O 7.d4 cxd4 8.Nxd4 Ng4
9.e3 Nge5 10.b3 d6 11.Bb2 Bg4 12.f3 Bd7 13.Nde2 Nb4 14.Rb1 a5 15.Qd2 Bf5 16.e4
{#d} 1/2-1/2

[Event "It (cat.7)"]
[Site "Budapest (Hungary)"]
[Date "2006.02.13"]
[Round "9"]
[White "Antic Dejan (SRB)"]
[Black "Ilincic Zlatko (SRB)"]
[Result "1/2-1/2"]
[WhiteElo "2437"]
[BlackElo "2451"]

1.Nf3 Nf6 2.c4 c5 3.g3 g6 4.Bg2 Bg7 5.O-O O-O 6.Nc3 Nc6 7.d4 cxd4 8.Nxd4 Nxd4
9.Qxd4 d6 10.Qd3 Bf5 11.e4 Be6 12.Bd2 {#d} 1/2-1/2

[Event "Ch Argentina (1/2 final)"]
[Site "Buenos Aires (Argentina)"]
[Date "2006.03.23"]
[Round "3"]
[White "Bielicki Carlos (ARG)"]
[Black "Sampaoli Cristian (ARG)"]
[Result "1/2-1/2"]
[WhiteElo "2356"]
[BlackElo "2145"]

1.Nf3 c5 2.c4 Nf6 3.g3 Nc6 4.Nc3 g6 5.Bg2 Bg7 6.O-O O-O 7.d4 cxd4 8.Nxd4 a6
9.Nc2 d6 10.h3 Be6 11.b3 Qd7 12.Nd5 Rab8 13.Nb6 Qd8 14.Nd5 Qd7 15.Nb6 Qd8
16.Nd5 Qd7 {#d} 1/2-1/2

[Event "Ch Ukraine (1/2 final)"]
[Site "Alushta (Ukraine)"]
[Date "2006.05.16"]
[Round "4"]
[White "Kozlov Yriy (UKR)"]
[Black "Tarlev Konstantin (UKR)"]
[Result "1/2-1/2"]
[WhiteElo "2319"]
[BlackElo "2456"]

1.c4 c5 2.Nc3 g6 3.g3 Bg7 4.Bg2 Nc6 5.Nf3 Nf6 6.O-O O-O 7.d4 cxd4 8.Nxd4 Nxd4
9.Qxd4 d6 10.Rd1 Bf5 {#d} 1/2-1/2

[Event "It (open) (b)"]
[Site "Ditzingen (Germany)"]
[Date "2006.05.27"]
[Round "6"]
[White "Reinhardt Klaus (GER)"]
[Black "Schumann Kai"]
[Result "1-0"]
[WhiteElo "1885"]
[BlackElo "1885"]

1.c4 c5 2.Nc3 Nc6 3.Nf3 g6 4.g3 Bg7 5.Bg2 Nf6 6.O-O O-O 7.d4 cxd4 8.Nxd4 Nxd4
9.Qxd4 d6 10.Qd3 Rb8 11.e4 Bd7 12.Bf4 a6 13.Rfd1 Qc7 14.Rac1 Rfc8 15.c5 Nh5
16.cxd6 Qa5 17.dxe7 Nxf4 18.Qxd7 Ne6 19.Bh3 {#r} 1-0

[Event "It (open) \"]
[Site "Minsk (Belarus)"]
[Date "2006.07.18"]
[Round "9"]
[White "Miroshnichenko Evgenij (UKR)"]
[Black "Kurnosov Igor (RUS)"]
[Result "1/2-1/2"]
[WhiteElo "2627"]
[BlackElo "2556"]

1.Nf3 Nf6 2.c4 c5 3.g3 g6 4.Bg2 Bg7 5.O-O O-O 6.Nc3 Nc6 7.d4 cxd4 8.Nxd4 Nxd4
9.Qxd4 d6 10.Qd3 Bf5 {#d} 1/2-1/2

[Event "It (open)"]
[Site "Vienna (Austria)"]
[Date "2006.08.03"]
[Round "6"]
[White "Gofshtein Zvulon (ISR)"]
[Black "Lochte Thomas (GER)"]
[Result "1/2-1/2"]
[WhiteElo "2509"]
[BlackElo "2185"]

1.Nf3 Nf6 2.c4 c5 3.Nc3 Nc6 4.g3 g6 5.Bg2 Bg7 6.O-O O-O 7.d4 cxd4 8.Nxd4 Qb6
9.Nb3 d6 10.Be3 Qb4 11.c5 dxc5 12.Bxc5 Qg4 13.e4 Be6 14.Nd5 Rfd8 15.h3 Qg5
16.Be3 Qe5 17.Bf4 Qxb2 18.Bc1 Qe5 19.f4 Bc8 {#d} 1/2-1/2

[Event "It (open)"]
[Site "Stobrec (Croatia)"]
[Date "2006.08.19"]
[Round "7"]
[White "Knezovic Ivo (CRO)"]
[Black "Saric Branko (CRO)"]
[Result "1/2-1/2"]
[WhiteElo "1915"]
[BlackElo "1930"]

1.c4 c5 2.Nf3 Nf6 3.Nc3 Nc6 4.g3 g6 5.Bg2 Bg7 6.O-O O-O 7.d4 cxd4 8.Nxd4 Qb6
9.Nc2 d6 10.Ne3 Be6 11.b3 Ng4 12.Ncd5 Nxe3 13.Bxe3 Qa5 14.Bd2 {#d} 1/2-1/2

[Event "Ch City (open)"]
[Site "Nittenau (Germany)"]
[Round "3"]
[White "Popp Michael (GER)"]
[Black "Preischl Manfred"]
[Result "1-0"]
[WhiteElo "2069"]
[BlackElo "1533"]

1.Nf3 c5 2.c4 Nc6 3.Nc3 Nf6 4.g3 g6 5.Bg2 Bg7 6.O-O O-O 7.d4 cxd4 8.Nxd4 Qc7
9.Bf4 d6 10.Bg5 h6 11.Bxf6 Bxf6 12.Nd5 Qd7 13.Nxf6+ exf6 14.Qd2 Kg7 15.Nb5 Qg4
16.b3 Rd8 17.Rfd1 Ne7 18.Bf3 Qe6 {#r} 1-0

[Event "Ch Austria"]
[Site "Koeflach (Austria)"]
[Date "2006.09.10"]
[Round "9"]
[White "Freitag Manfred (AUT)"]
[Black "Pilaj Herwig (AUT)"]
[Result "1/2-1/2"]
[WhiteElo "2413"]
[BlackElo "2382"]

1.c4 c5 2.Nf3 Nf6 3.Nc3 Nc6 4.g3 g6 5.Bg2 Bg7 6.O-O O-O 7.d4 cxd4 8.Nxd4 Nxd4
9.Qxd4 d6 10.Qd3 Bf5 11.e4 Bd7 12.Bd2 a6 13.Rac1 Rb8 14.Rfe1 b5 15.cxb5 {#d}
1/2-1/2

[Event "It (cat.7)"]
[Site "Sofia (Bulgaria)"]
[Date "2006.12.02"]
[Round "4"]
[White "Popchev Milko (BUL)"]
[Black "Georgiev Krum (BUL)"]
[Result "1/2-1/2"]
[WhiteElo "2413"]
[BlackElo "2504"]

1.Nf3 Nf6 2.g3 g6 3.Bg2 Bg7 4.O-O O-O 5.c4 c5 6.Nc3 Nc6 7.d4 cxd4 8.Nxd4 Qb6
9.Nxc6 dxc6 10.Qc2 Be6 11.b3 Rad8 12.Bb2 Rd7 13.Rad1 Rfd8 14.Rxd7 Rxd7 15.Rd1
Qd8 16.Rxd7 Qxd7 {#d} 1/2-1/2

[Event "Verbandsliga Baden South 2006/07"]
[Site "Baden (Germany)"]
[Date "2007.02.11"]
[Round "6"]
[White "Kopp Berthold (GER)"]
[Black "Budisin Stanislav (SUI)"]
[Result "1/2-1/2"]
[WhiteElo "2087"]
[BlackElo "2147"]

1.c4 Nf6 2.g3 g6 3.Bg2 Bg7 4.Nf3 O-O 5.O-O c5 6.Nc3 Nc6 7.d4 cxd4 8.Nxd4 Ng4
9.e3 Nxd4 10.exd4 Nh6 11.Bxh6 Bxh6 12.Qe2 Bg7 13.Rfd1 Rb8 14.Rac1 a6 15.c5 Re8
{#d} 1/2-1/2

[Event "Ch Amateur Team (East)"]
[Site "Parsippany (USA)"]
[Date "2007.02.19"]
[Round "6"]
[White "Goldberg Mitchell (USA)"]
[Black "Sharp Dale Eugene (USA)"]
[Result "1/2-1/2"]
[WhiteElo "2296"]
[BlackElo "2062"]

1.Nf3 Nf6 2.c4 c5 3.g3 g6 4.Bg2 Bg7 5.O-O O-O 6.Nc3 Nc6 7.d4 d5 8.cxd5 Nxd5
9.Nxd5 Qxd5 10.Be3 cxd4 11.Nxd4 Qa5 12.Nxc6 bxc6 13.b4 Qxb4 14.Bxc6 Bxa1
15.Qxa1 Be6 16.Bxa8 {#d} 1/2-1/2

[Event "It (open)"]
[Site "Gerlingen (Germany)"]
[Date "2007.05.18"]
[Round "3"]
[White "Volk Werner (GER)"]
[Black "Kunze Holger (GER)"]
[Result "1/2-1/2"]
[WhiteElo "1990"]
[BlackElo "2196"]

1.c4 Nf6 2.Nf3 c5 3.g3 Nc6 4.Bg2 g6 5.O-O Bg7 6.Nc3 O-O 7.d4 cxd4 8.Nxd4 Ng4
9.Nxc6 bxc6 10.h3 Ne5 11.c5 f5 12.Bd2 Kh8 {#d} 1/2-1/2

[Event "It \"]
[Site "Donskoj (Russia)"]
[Date "2007.07.11"]
[Round "4"]
[White "Castaneda Georgui (PER)"]
[Black "Bakutin Aleksey (RUS)"]
[Result "1/2-1/2"]
[WhiteElo "2459"]
[BlackElo "2350"]

1.Nf3 Nf6 2.c4 c5 3.Nc3 Nc6 4.g3 g6 5.Bg2 Bg7 6.O-O O-O 7.d4 cxd4 8.Nxd4 Nxd4
9.Qxd4 d6 10.Qd3 a6 11.Bd2 Rb8 12.Rac1 Be6 13.b3 Qd7 14.Rfd1 b5 15.cxb5 axb5
16.Be3 Bf5 17.Qd2 Bh3 18.Bg5 Bxg2 19.Kxg2 Rfc8 {#d} 1/2-1/2

[Event "It \"]
[Site "Donskoj (Russia)"]
[Date "2007.07.15"]
[Round "12"]
[White "Bakutin Aleksey (RUS)"]
[Black "Krasnov Yury A (RUS)"]
[Result "1/2-1/2"]
[WhiteElo "2350"]
[BlackElo "2179"]

1.c4 c5 2.Nc3 Nc6 3.Nf3 Nf6 4.g3 g6 5.Bg2 Bg7 6.O-O O-O 7.d4 cxd4 8.Nxd4 Nxd4
9.Qxd4 d6 10.Qd3 Bf5 11.e4 Be6 12.b3 Nd7 13.Bb2 Nc5 14.Qd2 a5 15.Rad1 a4 {#d}
1/2-1/2

[Event "It \"]
[Site "Feffernitz (Austria)"]
[Date "2007.08.26"]
[Round "9"]
[White "Reichenbacher Gerhard (GER)"]
[Black "Wannenmacher Matthias"]
[Result "1/2-1/2"]
[WhiteElo "1899"]
[BlackElo "1747"]

1.Nf3 Nf6 2.c4 c5 3.Nc3 g6 4.g3 Bg7 5.Bg2 O-O 6.O-O Nc6 7.d4 cxd4 8.Nxd4 Nxd4
9.Qxd4 d6 10.Qd3 Nd7 {#d} 1/2-1/2

[Event "Memorial Pedro Moreno (open)"]
[Site "San Jose de Rio Preto (Brazil)"]
[Date "2007.09.07"]
[Round "1"]
[White "Borges Leomar Barbero (BRA)"]
[Black "De Oliveira Jr Jose Roberto (BRA)"]
[Result "1/2-1/2"]
[WhiteElo "2242"]
[BlackElo "2014"]

1.c4 c5 2.Nc3 Nf6 3.g3 Nc6 4.Bg2 g6 5.Nf3 Bg7 6.O-O O-O 7.d4 d5 8.dxc5 d4
9.Nb5 e5 10.e3 a6 11.Nd6 Nd7 12.exd4 exd4 13.Nxc8 Rxc8 14.Bh3 f5 15.b4 {#d}
1/2-1/2

[Event "Tournament (juniors)"]
[Site "Bydgoszcz (Poland)"]
[Date "2008.02.01"]
[Round "9"]
[White "Kotula Konrad (POL)"]
[Black "Kotula Oktawia (POL)"]
[Result "1/2-1/2"]
[WhiteElo "1745"]
[BlackElo "1726"]

1.c4 c5 2.Nc3 Nc6 3.g3 g6 4.Bg2 Bg7 5.Nf3 Nf6 6.O-O O-O 7.d4 cxd4 8.Nxd4 Nxd4
9.Qxd4 d6 10.Qd3 Rb8 11.Rb1 b6 12.b3 Bb7 13.Bxb7 Rxb7 14.Bb2 Nd7 15.Nd5 Bxb2
16.Rxb2 Ne5 17.Qd2 Qc8 18.Kg2 Kg7 19.Rd1 {#d} 1/2-1/2

[Event "Memorial V.Ciocaltea (cat.9)"]
[Site "Bucharest (Romania)"]
[Date "2008.03.14"]
[Round "1"]
[White "Sanduleac Vasile (MDA)"]
[Black "Pap Misa (SRB)"]
[Result "1/2-1/2"]
[WhiteElo "2443"]
[BlackElo "2493"]

1.Nf3 Nf6 2.c4 g6 3.Nc3 Bg7 4.g3 c5 5.Bg2 O-O 6.O-O Nc6 7.d4 cxd4 8.Nxd4 Nxd4
9.Qxd4 d6 10.Qh4 Rb8 11.Bh6 Be6 12.Bxg7 Kxg7 {#d} 1/2-1/2

[Event "It (cat.5) (juniors)"]
[Site "Bucharest (Romania)"]
[Date "2008.03.17"]
[Round "4"]
[White "Barnaure Vlad-Victor (ROM)"]
[Black "Carmaciu Lucian-Catalin (ROM)"]
[Result "1/2-1/2"]
[WhiteElo "2498"]
[BlackElo "2400"]

1.Nf3 Nf6 2.c4 g6 3.Nc3 Bg7 4.g3 O-O 5.Bg2 c5 6.O-O Nc6 7.d4 cxd4 8.Nxd4 Nxd4
9.Qxd4 d6 10.Qd3 Be6 11.Bd2 Rc8 12.b3 Qd7 13.Rac1 Bf5 14.e4 Bh3 15.Nd5 {#d}
1/2-1/2

[Event "It (cat.10)"]
[Site "Alushta (Ukraine)"]
[Round "13"]
[White "Pridorozhni Aleksei (RUS)"]
[Black "Alikhanov Felix (RUS)"]
[Result "1/2-1/2"]
[WhiteElo "2524"]
[BlackElo "2437"]

1.c4 Nf6 2.g3 c5 3.Bg2 g6 4.Nc3 Bg7 5.Nf3 O-O 6.O-O Nc6 7.d4 cxd4 8.Nxd4 Nxd4
9.Qxd4 d6 10.Bg5 a6 {#d} 1/2-1/2

[Event "It (cat.2)"]
[Site "Budapest (Hungary)"]
[Date "2008.06.10"]
[Round "4"]
[White "Szeberenyi Adam (HUN)"]
[Black "Lengyel Bela (HUN)"]
[Result "1/2-1/2"]
[WhiteElo "2309"]
[BlackElo "2309"]

1.Nf3 c5 2.g3 Nc6 3.Bg2 Nf6 4.O-O g6 5.c4 Bg7 6.Nc3 O-O 7.d4 cxd4 8.Nxd4 Nxd4
9.Qxd4 d6 10.Bg5 Qa5 11.Qd2 Bd7 12.Bh6 Bc6 13.Bxg7 Kxg7 14.Ne4 Qxd2 15.Nxd2
Bxg2 16.Kxg2 {#d} 1/2-1/2

[Event "NRW-liga 2008/09"]
[Site "Germany"]
[Date "2008.09.21"]
[Round "1"]
[White "Bus Tom (NED)"]
[Black "Werbeck Torsten (GER)"]
[Result "1/2-1/2"]
[WhiteElo "2222"]
[BlackElo "2148"]

1.c4 Nf6 2.g3 g6 3.Bg2 Bg7 4.Nc3 c5 5.Nf3 Nc6 6.O-O O-O 7.d4 cxd4 8.Nxd4 Nxd4
9.Qxd4 d6 10.Qd3 Qa5 11.Nd5 Nxd5 12.cxd5 Bf5 {#d} 1/2-1/2

[Event "Ch Slovenia (team) (2 league) West"]
[Site "Kranj (Slovenia)"]
[Date "2008.10.17"]
[Round "5"]
[White "Beletic Daniel (SLO)"]
[Black "Maslesa Branko (SLO)"]
[Result "1/2-1/2"]
[WhiteElo "2220"]
[BlackElo "2262"]

1.c4 c5 2.Nc3 Nf6 3.Nf3 Nc6 4.g3 g6 5.Bg2 Bg7 6.O-O O-O 7.d4 cxd4 8.Nxd4 Nxd4
9.Qxd4 d6 10.Rd1 Qa5 11.Qh4 Rb8 12.Bh6 Be6 13.Bxg7 Kxg7 14.Qd4 Rfc8 15.b3 Qc5
16.Nd5 Qxd4 17.Rxd4 {#d} 1/2-1/2

[Event "It (open)"]
[Site "Seoul (South Korea)"]
[Date "2008.12.04"]
[Round "8"]
[White "Dimakiling Oliver (PHI)"]
[Black "Wolfaardt Francois (RSA)"]
[Result "1-0"]
[WhiteElo "2448"]
[BlackElo "1858"]

1.Nf3 Nf6 2.c4 c5 3.g3 Nc6 4.Bg2 g6 5.O-O Bg7 6.Nc3 O-O 7.d4 cxd4 8.Nxd4 a6
9.c5 b6 10.Nxc6 dxc6 11.Qxd8 Rxd8 12.Bxc6 Rb8 13.Bf4 Bh3 14.Bxb8 Bxf1 15.Bc7
Rc8 16.cxb6 Bh3 17.Rd1 {#r} 1-0

[Event "Landesliga Bayern North 2008/09"]
[Site "Bayern (Germany)"]
[Date "2008.12.14"]
[Round "4"]
[White "Reis Gerhard (GER)"]
[Black "Wulfmeyer Johannes (GER)"]
[Result "1/2-1/2"]
[WhiteElo "2194"]
[BlackElo "2197"]

1.Nf3 Nf6 2.c4 c5 3.Nc3 Nc6 4.g3 g6 5.Bg2 Bg7 6.O-O O-O 7.d4 cxd4 8.Nxd4 Ng4
9.Nc2 Bxc3 10.bxc3 Qa5 11.Bd2 d6 12.Nd4 Bd7 13.Nb3 Qh5 14.h3 Nge5 15.g4 Qh4
16.c5 h5 {#d} 1/2-1/2

[Event "Verbandsklasse B Muensterland 2008/09"]
[Site "Germany"]
[Date "2009.01.10"]
[Round "5"]
[White "Tillmann Frank Peter"]
[Black "Overesch Andre (GER)"]
[Result "1/2-1/2"]
[WhiteElo "1881"]
[BlackElo "2000"]

1.c4 c5 2.Nf3 Nf6 3.g3 g6 4.Bg2 Bg7 5.Nc3 O-O 6.O-O Nc6 7.d4 cxd4 8.Nxd4 Nxd4
9.Qxd4 d6 10.Qd2 Rb8 11.b3 a6 12.Bb2 Be6 13.Nd5 Bxd5 14.Bxd5 Qd7 15.Bf3 Rfc8
16.Rac1 Rc7 {#d} 1/2-1/2

[Event "Ch Valencia (team)"]
[Site "Valencia (Spain)"]
[Date "2009.01.17"]
[Round "2"]
[White "Torres Garrigos David (ESP)"]
[Black "Salvador Lopez Daniel (ESP)"]
[Result "1/2-1/2"]
[WhiteElo "2186"]
[BlackElo "2135"]

1.Nf3 Nf6 2.g3 g6 3.Bg2 Bg7 4.O-O c5 5.c4 Nc6 6.Nc3 O-O 7.d4 cxd4 8.Nxd4 Nxd4
9.Qxd4 d6 10.Qd2 Rb8 11.b3 a6 12.Bb2 Bd7 13.Rfd1 Qb6 14.e3 Rfc8 15.Nd5 Nxd5
16.Bxg7 Kxg7 17.cxd5 f6 {#d} 1/2-1/2

[Event "Czech League 2008/09 (krajsky prebor)"]
[Site "Czech Republic"]
[Date "2009.02.15"]
[Round "8"]
[White "Kohout Jan (CZE)"]
[Black "Daniel Jiri (CZE)"]
[Result "1/2-1/2"]
[WhiteElo "2025"]
[BlackElo "2007"]

1.c4 g6 2.Nc3 Bg7 3.Nf3 Nf6 4.g3 c5 5.Bg2 Nc6 6.O-O O-O 7.d4 d5 8.cxd5 Nxd5
9.Nxd5 Qxd5 10.Ne5 Qxd4 11.Nxc6 bxc6 12.Bxc6 Bh3 13.Qxd4 {#d} 1/2-1/2

[Event "Czech League 2008/09 (krajsky prebor)"]
[Site "Czech Republic"]
[Date "2009.03.15"]
[Round "10"]
[White "Vlasak Ladislav"]
[Black "Portych Vaclav (CZE)"]
[Result "1/2-1/2"]
[WhiteElo "1848"]
[BlackElo "1850"]

1.c4 c5 2.Nc3 Nc6 3.Nf3 Nf6 4.g3 g6 5.Bg2 Bg7 6.O-O O-O 7.d4 Nxd4 8.Nxd4 cxd4
9.Qxd4 d6 10.e3 Rb8 11.b3 b6 12.Bb2 Bb7 13.Rad1 Bxg2 14.Kxg2 Nd7 {#d} 1/2-1/2

[Event "Czech League 2008/09 (2nd) (d)"]
[Site "Czech Republic"]
[Date "2009.03.22"]
[Round "10"]
[White "Sedlacek Oldrich (CZE)"]
[Black "Hajek Jiri (CZE)"]
[Result "1/2-1/2"]
[WhiteElo "2311"]
[BlackElo "1823"]

1.Nf3 Nf6 2.g3 g6 3.Bg2 Bg7 4.O-O O-O 5.c4 c5 6.Nc3 Nc6 7.d4 cxd4 8.Nxd4 Nxd4
9.Qxd4 d6 10.Qd3 a6 11.Bf4 Nd7 12.Qd2 Rb8 13.Rac1 {#d} 1/2-1/2

[Event "Ch Ukraine (juniors) (under 16)"]
[Site "Odessa (Ukraine)"]
[Date "2009.03.22"]
[Round "4"]
[White "Skliarov Viktor (UKR)"]
[Black "Starozhilov Leonid (UKR)"]
[Result "1/2-1/2"]
[WhiteElo "2068"]
[BlackElo "2087"]

1.Nf3 Nf6 2.g3 g6 3.Bg2 c5 4.O-O Bg7 5.c4 Nc6 6.Nc3 O-O 7.d4 cxd4 8.Nxd4 Nxd4
9.Qxd4 d6 10.Qd3 Be6 11.Bxb7 Rb8 12.Bg2 Qa5 13.b3 Rxb3 14.axb3 Qxa1 15.Be3 Qa5
16.Nb5 a6 17.Na7 Qh5 18.Bf3 Qh3 {#d} 1/2-1/2

[Event "Memorial Algimantas Cesnauskas (b)"]
[Site "Panevezys (Lithuania)"]
[Date "2009.04.26"]
[Round "9"]
[White "Simkunas Kestutis (LTU)"]
[Black "Ramanauskas Leonas (LTU)"]
[Result "1-0"]
[WhiteElo "1782"]
[BlackElo "1821"]

1.c4 c5 2.Nc3 Nc6 3.g3 Nf6 4.Bg2 g6 5.Nf3 Bg7 6.O-O O-O 7.d4 cxd4 8.Nxd4 e5
9.Nc2 a6 10.Rb1 b5 11.c5 Bb7 12.b3 h6 13.Bb2 Qe7 14.e4 Rad8 15.Nd5 Nxd5
16.exd5 Na7 17.d6 {#r} 1-0

[Event "Ch Scotland (open)"]
[Site "Edinburgh (Scotland)"]
[Date "2009.07.14"]
[Round "4"]
[White "Roberts Paul (SCO)"]
[Black "Archibald Alan D (ENG)"]
[Result "1-0"]
[WhiteElo "2176"]
[BlackElo "1895"]

1.Nf3 Nf6 2.c4 c5 3.g3 g6 4.Bg2 Bg7 5.O-O O-O 6.Nc3 Nc6 7.d4 cxd4 8.Nxd4 a6
9.c5 e5 10.Nb3 Qc7 11.Bg5 Ne7 12.Qd2 Rb8 13.Rac1 b6 14.cxb6 Qxb6 15.Be3 Qd8
16.Ba7 Rb4 17.Bc5 {#r} 1-0